|
|
|
|
| LEADER |
00000cam a2200000 7i4500 |
| 001 |
0000009849 |
| 005 |
20220530.0 |
| 020 |
|
|
|a 0819137340
|
| 040 |
|
|
|a INS
|
| 090 |
0 |
0 |
|a H62
|b .B3634 1984
|
| 100 |
1 |
|
|a Behling, John H.
|
| 245 |
1 |
0 |
|a Guidelines for preparing the research proposal
|c John H. Behling
|
| 250 |
|
|
|a Revised edition
|
| 260 |
|
|
|a Lanhan, MO :
|b Univesity Press of America ,
|c c1984
|
| 300 |
|
|
|a 82p. ;
|c 24cm.
|
| 504 |
|
|
|a Includes bibliographical references
|
| 650 |
|
0 |
|a Proposal writing in the social sciences
|x Methodology
|
| 650 |
|
0 |
|a Social sciences
|x Research
|x Methodology
|
| 650 |
|
0 |
|a Social service
|x Research
|x Methodology
|
| 999 |
|
|
|a 0000008965
|b BOOK
|c Open Shelf
|e Default branch
|
| 999 |
|
|
|a 0000013899
|b BOOK
|c Open Shelf
|e Default branch
|